[Event "Andalucia-ch"]
[Site "Rincon de La Victoria"]
[Date "1995.??.??"]
[Round "7"]
[White "Barrero Garcia, C."]
[Black "Borrego, Enrique"]
[Result "1/2-1/2"]
[WhiteElo "1920"]
[BlackElo "2025"]

1.e4 c5 2.Nf3 d6 3.d4 cxd4 4.Nxd4 Nf6 5.Nc3 a6 6.Be3 e6 7.f3 Be7 8.Qd2 Nc6
9.g4 h6 10.O-O-O Qc7 11.h4 b5 12.Bd3 Nxd4 13.Bxd4 e5 14.Be3 Be6 15.g5 hxg5
16.hxg5 Rxh1 17.Rxh1 Nd7 18.Rh7 Bf8 19.Bf1 Nb6 20.Rh1 Qc6 21.Bxb6 Qxb6 22.Kb1 Qa5
23.Rh2 Qb6 24.Rh1 Qa5 25.Rh2 b4 26.Nd5 Bxd5 27.Qxd5 Qxd5 28.exd5 Ra7 29.Rh4 Be7
30.Rxb4 a5 31.Rb8+ Bd8 32.Bb5+ Ke7 33.a4 f5 34.Bd3 g6 35.Bb5 Bc7 36.Re8+ Kf7
37.Re6 Ra8 38.c3 Rd8 39.Kc2 Bb6 40.Kd3 Bc5 41.Rf6+  1/2-1/2

[Event "Sala op"]
[Site "Sala"]
[Date "1995.??.??"]
[Round "4"]
[White "Chmelik, Lukas"]
[Black "Belan, Jozef"]
[Result "0-1"]
[WhiteElo "2330"]
[BlackElo "2215"]

1.e4 c5 2.Nf3 d6 3.d4 cxd4 4.Nxd4 Nf6 5.Nc3 a6 6.Be3 e5 7.Nb3 Be6 8.Qd2 Be7
9.f3 Nbd7 10.Qf2 Qc7 11.O-O-O b5 12.g4 h6 13.Nd5 Bxd5 14.exd5 Rb8 15.Rd3 b4
16.Be2 e4 17.Rd4 Ne5 18.Rg1 exf3 19.Bxf3 Rc8 20.Bd1 Nc4 21.Re1 Nd7 22.Bf4 Kf8
23.Ree4 Ndb6 24.Bg3 Bf6 25.Qf5 a5 26.Rd3 Bxb2+ 27.Kb1 Na4 28.Rxc4 Qxc4 29.Bxd6+ Kg8
30.Rf3 Bf6 31.Be5 Nc3+ 32.Rxc3 bxc3 33.Be2 Qxe2 34.Qxc8+ Kh7 35.Qf5+ Kg8
36.Bxf6 gxf6 37.Qc8+ Kg7 38.Qxc3 Qb5  0-1

[Event "San Juan y Martinez"]
[Site "San Juan"]
[Date "1995.??.??"]
[Round "8"]
[White "Pupo, Emilio"]
[Black "Diaz, Joaquin C"]
[Result "1-0"]
[WhiteElo "2420"]
[BlackElo "2415"]

1.e4 c5 2.Nf3 d6 3.d4 cxd4 4.Nxd4 Nf6 5.Nc3 a6 6.Be3 Ng4 7.Bg5 h6 8.Bh4 g5
9.Be2 Bg7 10.Bg3 h5 11.h4 gxh4 12.Rxh4 Nc6 13.Nb3 Bf6 14.Rh1 h4 15.Bf4 Bxc3+
16.bxc3 Nge5 17.Be3 Ng6 18.Qd2 Qc7 19.f4 f5 20.Bd3 Rf8 21.g3 hxg3 22.Rh6 fxe4
23.Bxe4 Nh8 24.O-O-O Nf7 25.Rg6 Bd7 26.Rxg3 Na5 27.Qg2 Nxb3+ 28.axb3 Bc6
29.Rd4 Rc8 30.c4 Bxe4 31.Qxe4 Qa5 32.Qxb7 Rc7 33.Qa8+ Nd8 34.Kb2 Rb7 35.Rg5 Qe1
36.Rd3 Kd7 37.Qxa6 Qb4 38.c5 Ne6 39.c6+  1-0

[Event "Sao Paulo op"]
[Site "Sao Paulo"]
[Date "1995.??.??"]
[Round "2"]
[White "Araujo, Adalberto"]
[Black "Pereira, Jorge AV"]
[Result "1-0"]
[WhiteElo "2290"]
[BlackElo "2035"]

1.e4 c5 2.Nf3 d6 3.d4 cxd4 4.Nxd4 Nf6 5.Nc3 a6 6.Be3 e5 7.Nf3 Qc7 8.a4 b6
9.Nd2 Be6 10.Be2 Nbd7 11.Bf3 Be7 12.O-O O-O 13.Re1 h6 14.Nf1 Rfd8 15.Bd2 Nf8
16.Ne3 N8h7 17.h4 Qb7 18.Qe2 Rac8 19.g3 Bf8 20.Bg2 Kh8 21.f4 exf4 22.gxf4 Qa7
23.Kh1 Bd7 24.Bf3 Re8 25.Qg2 Qc7 26.Rg1 Be6 27.Ne2 Red8 28.Bc3 Ne8 29.Nd4 Qd7
30.Ndf5 Rxc3 31.bxc3 Nhf6 32.Nd4 Qc8 33.f5 Bc4 34.Rab1 Nd7 35.Rb4 d5 36.exd5 Bxb4
37.cxb4 Ne5 38.Be4 Rd7 39.f6 g6 40.Bf5 Nxf6 41.Bxd7 Qxd7 42.Nxc4 Nxc4 43.Nf3 Nxd5
44.Qf2 Kg7 45.Qd4+  1-0

[Event "Schwaebisch Gmuend op"]
[Site "Schwaebisch Gmuend"]
[Date "1995.??.??"]
[Round "?"]
[White "Pribyl, Martin"]
[Black "Sand, Rolf"]
[Result "1-0"]
[WhiteElo "2335"]
[BlackElo "2140"]

1.e4 c5 2.Nf3 d6 3.d4 cxd4 4.Nxd4 Nf6 5.Nc3 a6 6.Be3 e5 7.Nb3 Be6 8.f3 Nbd7
9.Qd2 Rc8 10.g4 h6 11.O-O-O Qc7 12.Rg1 b5 13.Kb1 Nb6 14.h4 g6 15.g5 hxg5
16.hxg5 Nh5 17.Nd5 Nxd5 18.exd5 Bf5 19.Bd3 Bxd3 20.Qxd3 Bg7 21.Nd2 Nf4 22.Bxf4 exf4
23.Rge1+ Kf8 24.Ne4 Rh2 25.Rd2 Rxd2 26.Qxd2 Be5 27.Nf6 Kg7 28.Qh2 Bxf6 29.gxf6+ Kxf6
30.Qxf4+ Kg7 31.Qd4+ f6 32.c3 Rf8 33.Re6 a5 34.Qf4 Qc5 35.Qxd6 Qxd6 36.Rxd6 g5
37.Rb6 f5 38.Rxb5 g4 39.fxg4 f4 40.d6 f3 41.Rg5+  1-0

[Event "Asia-chT"]
[Site "Singapore"]
[Date "1995.??.??"]
[Round "2"]
[White "Wang Zili"]
[Black "Zagrebelny, Sergey"]
[Result "1-0"]
[WhiteElo "2525"]
[BlackElo "2510"]

1.e4 c5 2.Nf3 d6 3.d4 cxd4 4.Nxd4 Nf6 5.Nc3 a6 6.Be3 e5 7.Nb3 Be6 8.f3 Be7
9.Qd2 O-O 10.O-O-O b5 11.g4 b4 12.Nd5 Bxd5 13.exd5 a5 14.Kb1 Qc7 15.g5 Nh5
16.Bh3 a4 17.Nc1 Na6 18.Nd3 f5 19.Nxe5 a3 20.Nc6 axb2 21.f4 g6 22.Rhe1 Rfe8
23.Bf1 Bf8 24.Bc4 Re4 25.Bd3 Ree8 26.Bc4 Re4 27.Bxa6 Rxa6 28.Bd4 Ra8 29.Rxe4 fxe4
30.Bxb2 Re8 31.Qe3 Qf7 32.Bc1 Ng7 33.Qb3 Nf5 34.Nd4 Nxd4 35.Rxd4 Bg7 36.Rxb4 Qa7
37.Be3 Qa6 38.Qc4 Qa3 39.Qb3 Qa6 40.Rb5 Qc8 41.a4 Qh3 42.Rb8 Rxb8 43.Qxb8+ Kf7
44.Qb6 Qf1+ 45.Bc1 Qc4 46.Qb5 Qd4 47.Qd7+ Kf8 48.Qxd6+ Ke8 49.Qc6+ Kd8 50.c3 Qd3+
51.Kb2 Bf8 52.Qa8+ Ke7 53.Qb7+ Kd8 54.Qb8+ Ke7 55.Qb5 Qf3 56.d6+  1-0

[Event "Asia-chT"]
[Site "Singapore"]
[Date "1995.??.??"]
[Round "5"]
[White "Zagrebelny, Sergey"]
[Black "Nguyen Anh Dung"]
[Result "1/2-1/2"]
[WhiteElo "2510"]
[BlackElo "2485"]

1.e4 c5 2.Nf3 d6 3.d4 cxd4 4.Nxd4 Nf6 5.Nc3 a6 6.Be3 e6 7.Be2 Be7 8.f4 O-O
9.O-O Nc6 10.a4 Qc7 11.Kh1 Bd7 12.Nb3 Na5 13.Nxa5 Qxa5 14.Qd3 Rac8 15.Bf3 Rfd8
16.Rfd1 Bc6 17.Bd4 Nd7 18.Qe2 e5 19.Be3 exf4 20.Bxf4 Ne5 21.Nd5 Bxd5 22.Rxd5 Qc7
23.c3 Re8 24.Rad1 Bf8 25.Qf2 Re6 26.Bg3 Rce8 27.R5d4 Nxf3 28.gxf3 f5 29.exf5 Re2
30.Qf1 Rxb2 31.Qd3 Qf7 32.Re4 Rxe4 33.fxe4 Qh5 34.Qd5+ Kh8 35.e5 dxe5 36.Bxe5 h6
37.f6 g6 38.c4 Rc2 39.Re1 Re2 40.Rxe2 Qxe2 41.Bd4 Qd1+ 42.Kg2 Qg4+ 43.Kh1 Qd1+
44.Kg2 Qg4+  1/2-1/2

[Event "Asia-chT"]
[Site "Singapore"]
[Date "1995.??.??"]
[Round "5"]
[White "Peng Xiaomin"]
[Black "Ali, Mahmoud"]
[Result "1-0"]
[WhiteElo "2510"]
[BlackElo "2230"]

1.e4 c5 2.Nf3 d6 3.d4 cxd4 4.Nxd4 Nf6 5.Nc3 a6 6.Be3 e5 7.Nf3 Be6 8.Ng5 Qc7
9.Nxe6 fxe6 10.a4 Be7 11.g3 Nbd7 12.Bh3 Qc4 13.f3 Rc8 14.a5 Kf7 15.Ra4 Qc6
16.O-O d5 17.f4 d4 18.fxe5 dxc3 19.exf6 Bxf6 20.Rc4 Qb5 21.Rb4 Qxb4 22.Qxd7+ Kg6
23.Bxe6  1-0

[Event "Asia-chT (Women)"]
[Site "Singapore"]
[Date "1995.??.??"]
[Round "5"]
[White "Xu Jun"]
[Black "Tamin, Upi Darmayana"]
[Result "1-0"]
[WhiteElo "2535"]
[BlackElo "2135"]

1.e4 c5 2.Nf3 d6 3.d4 cxd4 4.Nxd4 Nf6 5.Nc3 a6 6.Be3 e6 7.f3 Be7 8.Qd2 Qc7
9.g4 b5 10.O-O-O Bb7 11.Kb1 Nfd7 12.g5 Ne5 13.h4 Nbd7 14.h5 b4 15.Na4 Qa5
16.b3 Nc5 17.a3 Nxa4 18.axb4 Qc7 19.bxa4 Rc8 20.Rc1 Nc4 21.Bxc4 Qxc4 22.Nb3 d5
23.Na5 Qc7 24.c4 dxc4 25.f4 f6 26.Rhd1 Rd8 27.Qc3 Rd3 28.Rxd3 cxd3 29.Nxb7 Qxb7
30.b5 Qxe4 31.Qd4 Qf5 32.Rd1 axb5 33.axb5 d2+ 34.Kb2 fxg5 35.fxg5 O-O 36.Rxd2 Ra8
37.h6 Ba3+ 38.Kc3 Bf8 39.Rf2 Ra3+ 40.Kb2  1-0

[Event "Skei"]
[Site "Skei"]
[Date "1995.??.??"]
[Round "5"]
[White "Westerinen, Heikki MJ"]
[Black "Gausel, Einar"]
[Result "0-1"]
[WhiteElo "2405"]
[BlackElo "2490"]

1.e4 c5 2.Nf3 d6 3.d4 cxd4 4.Nxd4 Nf6 5.Nc3 a6 6.Be3 e5 7.Nf3 Qc7 8.a4 Be7
9.a5 O-O 10.Be2 Nbd7 11.O-O b5 12.axb6 Nxb6 13.Nd2 Bb7 14.Bxb6 Qxb6 15.Nc4 Qc7
16.Qd3 Nxe4 17.Nxe4 d5 18.Nc3 dxc4 19.Qxc4 Rfc8 20.Qxc7 Rxc7 21.Ra4 a5 22.Rc4 Rxc4
23.Bxc4 Rd8 24.Rd1 Rxd1+ 25.Nxd1 Bc5 26.Ne3 Kf8 27.Bd5 Bxd5 28.Nxd5 f5 29.Kf1 Kf7
30.Ke2 Ke6 31.Nc7+ Kd7 32.Nd5 Kd6 33.Ne3 Ke6 34.b3 e4 35.Nc4 Bb4 36.f3 Kd5
37.Ke3 Bc5+ 38.Kf4 exf3 39.gxf3 a4 40.Kxf5 a3 41.Nxa3 Bxa3 42.h4 Kd4 43.h5 Ke3
44.f4 Bd6 45.c4 Kd4 46.Ke6 Bxf4 47.Kf7 Be5 48.Ke6 g5 49.hxg6 hxg6 50.c5 Ke4  0-1

[Event "SLO-chT"]
[Site "?"]
[Date "1995.??.??"]
[Round "7"]
[White "Justin, Matijaz"]
[Black "Dezelak, B."]
[Result "1-0"]
[WhiteElo "2385"]
[BlackElo "2170"]

1.e4 c5 2.Nf3 d6 3.d4 cxd4 4.Nxd4 Nf6 5.Nc3 a6 6.Be3 e6 7.f3 b5 8.g4 b4 9.Nce2 e5
10.Nf5 d5 11.g5 dxe4 12.Qxd8+ Kxd8 13.gxf6 Bxf5 14.fxg7 Bxg7 15.Ng3 Be6 16.O-O-O+ Kc7
17.Nxe4 h6 18.Rg1 Bf8 19.f4 Bf5 20.Nf6 e4 21.Bd4 Kb7 22.Nxe4 Rh7 23.Nc5+ Bxc5
24.Bxc5 Nc6 25.Bg2 a5 26.Rd6 Ra6 27.Re1  1-0

[Event "Sollentuna op"]
[Site "Sollentuna"]
[Date "1995.??.??"]
[Round "3"]
[White "Sittenfeld, Johan"]
[Black "Dzevlan, Miralem"]
[Result "1/2-1/2"]
[WhiteElo "2220"]
[BlackElo "2385"]

1.e4 c5 2.Nf3 d6 3.d4 cxd4 4.Nxd4 Nf6 5.Nc3 a6 6.Be3 e5 7.Nb3 Be6 8.Qd2 Nbd7
9.f3 Be7 10.g4 h6 11.O-O-O b5 12.h4 Nb6 13.Qf2 Nfd7 14.Kb1 Rc8 15.Nd5 Bxd5
16.exd5 Nc4 17.Bc1 Qb6 18.Qe1 b4 19.Bd3 h5  1/2-1/2

[Event "ESP-chTa"]
[Site "Spain"]
[Date "1995.??.??"]
[Round "2"]
[White "Menvielle Lacourrelle, Augusto"]
[Black "Rodriguez Lopez, Rafael"]
[Result "1/2-1/2"]
[WhiteElo "2285"]
[BlackElo "2300"]

1.e4 c5 2.Nf3 d6 3.d4 cxd4 4.Nxd4 Nf6 5.Nc3 a6 6.Be3 e5 7.Nb3 Be7 8.f3 Be6
9.Qd2 O-O 10.g4 d5 11.exd5 Nxd5 12.Nxd5 Bxd5 13.Be2 Bh4+ 14.Kf1 Nc6 15.Rd1 Be6
16.Kg2 Qf6 17.Nc5 Rad8 18.Qc3 Nd4 19.Ne4 Qg6 20.Bxd4 exd4 21.Rxd4 Rxd4 22.Qxd4 f5
23.Ng3 fxg4 24.Qe4 Qf7 25.Rd1 Bf6 26.b3 gxf3+ 27.Bxf3 b5 28.Rd6 Be5 29.Rxa6 Qd7
30.Ra8 Bh3+ 31.Kh1 Rxa8 32.Qxa8+ Kf7 33.Qd5+ Qxd5 34.Bxd5+ Ke7 35.a4 bxa4
36.bxa4 Kd6 37.Be4 h6 38.a5 Kc5 39.a6 Kb6 40.Bb7 Be6 41.Kg2 Bc4 42.Kf3 h5
43.Ke4 Bxg3 44.hxg3 g5 45.Kf5 h4 46.g4 h3 47.Kxg5 Bxa6 48.Kh4  1/2-1/2

[Event "ESP-chTa"]
[Site "Spain"]
[Date "1995.??.??"]
[Round "9"]
[White "De la Riva Aguado, Oscar"]
[Black "Gamundi, Antonio"]
[Result "1/2-1/2"]
[WhiteElo "2430"]
[BlackElo "2400"]

1.e4 c5 2.Nf3 d6 3.d4 cxd4 4.Nxd4 Nf6 5.Nc3 a6 6.Be3 Nc6 7.f3 g6 8.Qd2 Bg7
9.O-O-O Bd7 10.g4 Bxg4 11.fxg4 Nxg4 12.Nb3 Nxe3 13.Qxe3 Ne5 14.Kb1 Rc8 15.Rg1 e6
16.Rg2 O-O 17.Rgd2  1/2-1/2

[Event "Chigorin mem"]
[Site "St Petersburg"]
[Date "1995.??.??"]
[Round "5"]
[White "Lukin, Andrei M"]
[Black "Bigaliev, Renat"]
[Result "1/2-1/2"]
[WhiteElo "2440"]
[BlackElo "2360"]

1.e4 c5 2.Nf3 d6 3.d4 cxd4 4.Nxd4 Nf6 5.Nc3 a6 6.Be3 e5 7.Nb3 Be6 8.f3 Nbd7
9.g4 h6 10.Qd2 Be7 11.h4 b5 12.O-O-O Nb6 13.Qf2 Nfd7 14.Kb1 Qc7 15.Nd5 Bxd5
16.exd5 Nc4 17.Bc1 a5 18.Bd3 Qa7  1/2-1/2

[Event "SVK-chT2"]
[Site "?"]
[Date "1995.??.??"]
[Round "?"]
[White "Veres, Robert"]
[Black "Timoshchenko, Gennadi A"]
[Result "1/2-1/2"]
[WhiteElo "2225"]
[BlackElo "2520"]

1.e4 c5 2.Nf3 d6 3.d4 cxd4 4.Nxd4 Nf6 5.Nc3 a6 6.Be3 e6 7.Qd2 Be7 8.f3 Nc6
9.g4 Nd7 10.O-O-O O-O 11.Qf2 Nxd4 12.Bxd4 b5 13.h4 Qa5 14.Kb1 b4 15.Ne2 e5
16.Be3 Nc5 17.Ng3 Be6 18.b3 Rfb8 19.Bxc5 dxc5 20.Nf5 Qc7 21.Ne3 a5 22.Nd5 Qb7
23.Bc4 a4  1/2-1/2

[Event "SWE-chT"]
[Site "?"]
[Date "1995.??.??"]
[Round "?"]
[White "Ernst, Thomas"]
[Black "Hillarp Persson, Tiger"]
[Result "1-0"]
[WhiteElo "2465"]
[BlackElo "2400"]

1.e4 c5 2.Nf3 d6 3.d4 cxd4 4.Nxd4 Nf6 5.Nc3 a6 6.Be3 e5 7.Nf3 Be7 8.Bc4 Be6
9.Bxe6 fxe6 10.Ng5 Qd7 11.Qf3 Nc6 12.Qh3 h6 13.Na4 Bd8 14.O-O-O hxg5 15.Qxh8+ Kf7
16.h4 Nb4 17.Nc3 gxh4 18.Qxh4 Rc8 19.a3 Nc6 20.g4 Na5 21.g5 Rxc3 22.bxc3 Qa4
23.gxf6 Bxf6 24.Qh5+ Ke7 25.Bg5 Nc4 26.Bxf6+ gxf6 27.Rd3 Qxa3+ 28.Kd1  1-0

[Event "Tel Aviv ASA"]
[Site "Tel Aviv"]
[Date "1995.??.??"]
[Round "8"]
[White "Gofshtein, Leonid D"]
[Black "Har Zvi, Ronen"]
[Result "1-0"]
[WhiteElo "2465"]
[BlackElo "2500"]

1.e4 c5 2.Nf3 d6 3.d4 cxd4 4.Nxd4 Nf6 5.Nc3 a6 6.Be3 e6 7.Be2 b5 8.Bf3 b4
9.e5 dxe5 10.Nb3 Qc7 11.Bxa8 bxc3 12.bxc3 Nc6 13.Qf3 Bd7 14.O-O Qc8 15.Bxc6 Bxc6
16.Qg3 Qc7 17.f3 Nd5 18.Bd2 Bb5 19.Rfe1 f6 20.f4 exf4 21.Qf3 Kf7 22.Kh1 Bd6
23.Rxe6 Be5 24.Nd4 Rd8 25.Qh5+ Kg8 26.Nxb5 Qd7 27.Rd6  1-0

[Event "Timisoara op"]
[Site "Timisoara"]
[Date "1995.??.??"]
[Round "6"]
[White "Gheorghe, Anca"]
[Black "Peptan, Corina"]
[Result "0-1"]
[WhiteElo "2005"]
[BlackElo "2295"]

1.e4 c5 2.Nf3 d6 3.d4 cxd4 4.Nxd4 Nf6 5.Nc3 a6 6.Be3 e5 7.Nb3 Be6 8.f3 Nbd7
9.g4 Nb6 10.Qd2 Be7 11.O-O-O O-O 12.g5 Nfd7 13.h4 Re8 14.Kb1 Rc8 15.h5 Bf8
16.Qg2 Rxc3 17.bxc3 Na4 18.Bd2 Qc7 19.g6 h6 20.Rg1 f6 21.Re1 b5 22.Re3 Ndb6
23.Rd3 Rc8 24.Be1 Bc4 25.Rd1 d5 26.f4 Ba3 27.Bd3 Nb2 28.Qd2 Bxd3 29.cxd3 Nxd1
30.Qxd1 dxe4 31.dxe4 Rd8 32.Qc2 Nc4 33.Bf2 a5 34.Rd1 Bb2 35.Qe2 Bxc3 36.Nc5 Na3+
37.Kc1 Bd4  0-1

[Event "JUG-chT"]
[Site "Tivat"]
[Date "1995.??.??"]
[Round "1"]
[White "Svidler, Peter"]
[Black "Shneider, Aleksandr"]
[Result "1-0"]
[WhiteElo "2635"]
[BlackElo "2530"]

1.e4 c5 2.Nf3 d6 3.d4 cxd4 4.Nxd4 Nf6 5.Nc3 a6 6.Be3 e6 7.a4 b6 8.g4 e5 9.Nf5 g6
10.Bg2 Bb7 11.Ng3 h5 12.g5 Nfd7 13.h4 Nc6 14.O-O Rc8 15.Bh3 Na5 16.Nd5 Bxd5
17.Qxd5 Nc4 18.Bc1 Be7 19.b3 Na5 20.Ba3 Qc7 21.Rad1 Nb7 22.f4 exf4 23.Rxf4 O-O
24.Nxh5 gxh5 25.g6 Ne5 26.gxf7+ Rxf7 27.Rxf7 Nxf7 28.Qe6 Qxc2 29.Qxc8+ Qxc8
30.Bxc8 Nc5 31.Bxc5 dxc5 32.Be6  1-0

[Event "JUG-chT"]
[Site "Tivat"]
[Date "1995.??.??"]
[Round "5"]
[White "Nevednichy, Vladislav"]
[Black "Shneider, Aleksandr"]
[Result "1-0"]
[WhiteElo "2480"]
[BlackElo "2530"]

1.e4 c5 2.Nf3 d6 3.d4 cxd4 4.Nxd4 Nf6 5.Nc3 a6 6.Be3 e6 7.Be2 Be7 8.f4 Qc7
9.g4 d5 10.e5 Ne4 11.Nxe4 dxe4 12.h4 Nd7 13.g5 b5 14.Qd2 Nb6 15.O-O-O Nd5
16.h5 Bb4 17.c3 Bc5 18.Kb1 Bb7 19.Rhf1 O-O-O 20.Bg1 g6 21.Qc1 Ne7 22.c4 Bxd4
23.Bxd4 Nf5 24.Bg1 bxc4 25.hxg6 hxg6 26.Bxc4 Rxd1 27.Rxd1 e3 28.Bd3 Rh1 29.Bxf5 gxf5
30.Qxe3 Be4+ 31.Ka1 Kb8 32.Rc1 Qb7 33.Qc5 Rh8 34.g6 fxg6 35.Qd6+ Ka8 36.Qxe6 Rb8
37.b3 Rd8 38.Qxg6 Rc8 39.Bc5 Qb5 40.Qd6 Kb7 41.e6 Qc6 42.Qxc6+ Rxc6 43.e7 Re6
44.Rd1 Bc6 45.Kb2 Re2+ 46.Kc3 Rxa2 47.Rd5 a5 48.Rxf5 a4 49.Rf8 Re2 50.bxa4 Bxa4
51.f5  1-0

[Event "JUG-chT"]
[Site "Tivat"]
[Date "1995.??.??"]
[Round "8"]
[White "Milovanovic, Nenad"]
[Black "Savanovic, Aleksandar"]
[Result "1-0"]
[WhiteElo "2220"]
[BlackElo "2350"]

1.e4 c5 2.Nf3 d6 3.d4 cxd4 4.Nxd4 Nf6 5.Nc3 a6 6.Be3 e6 7.f3 Be7 8.Qd2 Nc6
9.O-O-O O-O 10.g4 Nxd4 11.Qxd4 Nd7 12.h4 b5 13.g5 Rb8 14.Bh3 b4 15.Ne2 Qa5
16.Kb1 Nc5 17.Ng3 Na4 18.Ka1 b3 19.cxb3 Rxb3 20.Bd2 Qb6 21.Qxa4 Rxb2 22.Bc3 Bd7
23.Qd4  1-0

[Event "JUG-chT"]
[Site "Tivat"]
[Date "1995.??.??"]
[Round "9"]
[White "Nevednichy, Vladislav"]
[Black "Maksimenko, Andrei"]
[Result "1/2-1/2"]
[WhiteElo "2480"]
[BlackElo "2550"]

1.e4 c5 2.Nf3 d6 3.d4 cxd4 4.Nxd4 Nf6 5.Nc3 a6 6.Be3 e6 7.Be2 Qc7 8.g4 d5
9.exd5 Bb4 10.dxe6 Bxc3+ 11.bxc3 Qxc3+ 12.Kf1 fxe6 13.Kg2 Nd5 14.Qd3 Qxd3
15.Bxd3 Nxe3+ 16.fxe3 Ke7 17.Rhf1 Nd7 18.Kg3 h5 19.Nf3 hxg4 20.Nh4 Ne5 21.Ng6+ Nxg6
22.Bxg6 Rh3+ 23.Kg2 Rf3 24.Rxf3 gxf3+ 25.Kxf3 Bd7 26.Be4 Rf8+ 27.Kg3 b5 28.h4 a5
29.Rc1 Rc8 30.Kf4 Kf6 31.Bd3 e5+ 32.Kf3 b4 33.Rf1 Rc3 34.Ke2+ Ke7 35.Rg1 Kf7
36.h5 Be6 37.Rf1+ Ke7 38.Rg1 Kf7 39.Rf1+ Kg8 40.Rg1 Rc7 41.h6 Kh8 42.Rg6 Bxa2
43.hxg7+ Kg8 44.Ra6 Rc5 45.Ra7 Bd5 46.Bf5 e4 47.Kd2 Bf7 48.Bxe4 Kxg7 49.Bd3 Kf6
50.e4 Be6 51.Ke3 Ke5 52.Ra8 Bd7 53.Ra7 Bc6 54.Re7+ Kd6 55.Rg7 a4 56.Kd4 Rh5  1/2-1/2

[Event "JUG-chT"]
[Site "Tivat"]
[Date "1995.??.??"]
[Round "10"]
[White "Grujic, Zoran"]
[Black "Savanovic, Aleksandar"]
[Result "1/2-1/2"]
[WhiteElo "2305"]
[BlackElo "2350"]

1.e4 c5 2.Nf3 d6 3.d4 cxd4 4.Nxd4 Nf6 5.Nc3 a6 6.Be3 e6 7.f3 Be7 8.Qd2 O-O
9.g4 Nc6 10.O-O-O Nxd4 11.Bxd4 b5 12.g5 Nd7 13.h4 Bb7 14.Kb1 b4 15.Ne2 a5
16.Ng3 d5 17.Bh3 a4 18.f4 dxe4 19.Qe3 Bd5 20.Nxe4 b3 21.c4 bxa2+ 22.Ka1 Bxe4
23.Qxe4 Qc7 24.f5 Nc5 25.Bxc5 Bxc5 26.fxe6 Rab8 27.exf7+ Kh8 28.Kxa2 Qb6
29.Qc2 Rxf7 30.Rh2 Rf3 31.Bd7 a3 32.Bb5 axb2 33.Qxb2 Qa5+ 34.Kb1 Ba3 35.Qc2 Rc8  1/2-1/2

[Event "Toronto op"]
[Site "Toronto"]
[Date "1995.??.??"]
[Round "8"]
[White "Wharton, William"]
[Black "McTavish, David"]
[Result "1/2-1/2"]
[WhiteElo "2305"]
[BlackElo "2215"]

1.e4 c5 2.Nf3 d6 3.d4 cxd4 4.Nxd4 Nf6 5.Nc3 a6 6.Be3 e5 7.Nf3 Qc7 8.Be2 Be7
9.O-O O-O 10.a4 Nbd7 11.a5 b5 12.axb6 Nxb6 13.Nd5 Nfxd5 14.exd5 f5 15.c4 a5
16.b4 f4 17.Bxb6 Qxb6 18.Rxa5 Rxa5 19.bxa5 Qxa5 20.Nd2 Bf5 21.Bf3 Qc3 22.Qc1 Qxc1
23.Rxc1 Rb8 24.Be4 g6 25.Rb1 Rxb1+ 26.Bxb1 Kf7 27.f3 Bd8 28.Kf2 Ba5 29.Ne4 Bxe4
30.Bxe4  1/2-1/2

[Event "FRA-ch"]
[Site "Toulouse"]
[Date "1995.??.??"]
[Round "2"]
[White "Prie, Eric"]
[Black "Renet, Olivier"]
[Result "1-0"]
[WhiteElo "2480"]
[BlackElo "2520"]

1.e4 c5 2.Nf3 d6 3.d4 cxd4 4.Nxd4 Nf6 5.Nc3 a6 6.Be3 e5 7.Nb3 Be6 8.Qd2 Nbd7
9.f3 Be7 10.g4 b5 11.g5 b4 12.Ne2 Nh5 13.O-O-O a5 14.Kb1 f6 15.Ng3 Nxg3 16.hxg3 fxg5
17.Bh3 Bxh3 18.Rxh3 a4 19.Nc1 Rb8 20.f4 g4 21.Rhh1 Nf6 22.Qe2 Qc8 23.fxe5 dxe5
24.Bg5 Qe6 25.Bxf6 Bxf6 26.Nd3 b3 27.axb3 axb3 28.Nc5 bxc2+ 29.Qxc2 Qc6 30.Qc4 Rf8
31.Rhf1 Rf7 32.Rd5 Qb6 33.Rf2 Kf8 34.Rc2 Kg8 35.Rd7 Rf8 36.Rxf7 Rxf7 37.Rd2 Qa5
38.Rd7 Qe1+ 39.Ka2 Qa5+ 40.Kb1 Qe1+ 41.Ka2 Qa5+ 42.Kb3 Qb6+ 43.Kc2 Qxc5 44.Qxc5 Rxd7
45.Qc8+ Rd8 46.Qe6+ Kh8 47.b4 h5 48.Kc3 Kh7 49.b5 Rd1 50.b6 Rb1 51.Kc2 Rb4
52.Qd6 Rc4+ 53.Kb3 Rd4 54.Qe6 Bd8 55.b7 Bc7 56.Qf7 Bd6 57.Qxh5+ Kg8 58.Qxg4  1-0

[Event "FRA-ch"]
[Site "Toulouse"]
[Date "1995.??.??"]
[Round "8"]
[White "Marciano, David"]
[Black "Renet, Olivier"]
[Result "1/2-1/2"]
[WhiteElo "2455"]
[BlackElo "2520"]

1.e4 c5 2.Nf3 d6 3.d4 cxd4 4.Nxd4 Nf6 5.Nc3 a6 6.Be3 e6 7.Be2 Be7 8.f4 Qc7
9.a4 Nc6 10.O-O O-O 11.Qe1 Nxd4 12.Bxd4 e5 13.Be3 exf4 14.Bxf4 Be6 15.Qg3 Nd7
16.Bh6 Qc5+ 17.Be3 Qc7 18.Bh6 Qc5+ 19.Kh1 Qe5 20.Bf4 Qc5 21.Bh6  1/2-1/2

[Event "FRA-ch"]
[Site "Toulouse"]
[Date "1995.??.??"]
[Round "12"]
[White "Santo Roman, Marc"]
[Black "Renet, Olivier"]
[Result "1/2-1/2"]
[WhiteElo "2485"]
[BlackElo "2520"]

1.e4 c5 2.Nf3 d6 3.d4 cxd4 4.Nxd4 Nf6 5.Nc3 a6 6.Be3 e5 7.Nf3 Be7 8.Bc4 O-O
9.a4 Nc6 10.h3 Be6 11.Bd5 Rc8 12.O-O Na5 13.Qd3 h6 14.Nd2 Qc7 15.Rfc1 Nc6
16.Na2 Nd7 17.b4 Bf6 18.Rab1 Ne7 19.c4 Ng6 20.c5 dxc5 21.bxc5 Nf4 22.Bxf4 exf4
23.Rxb7 Nxc5 24.Rxc7 Nxd3 25.Bxe6 Rxc7 26.Rxc7 fxe6 27.Nc1 Nb4 28.Nf3 Rd8
29.Kf1 Bb2 30.Ke2 Rb8 31.Nb3 Na2 32.Nc5  1/2-1/2

[Event "Trelew Clarin-GP"]
[Site "Trelew"]
[Date "1995.??.??"]
[Round "9"]
[White "Kanefsck, Gustavo"]
[Black "Quiroga, Facundo"]
[Result "0-1"]
[WhiteElo "2295"]
[BlackElo "2430"]

1.e4 c5 2.Nf3 d6 3.d4 cxd4 4.Nxd4 Nf6 5.Nc3 a6 6.Be3 e5 7.Nf3 Qc7 8.Be2 Be7
9.O-O O-O 10.Bg5 Nbd7 11.Nd2 b5 12.Re1 Bb7 13.Bf3 Rac8 14.a3 h6 15.Bxf6 Nxf6
16.Nf1 Rfd8 17.Qd2 Bf8 18.Rad1 g6 19.g3 Bc6 20.h4 a5 21.Bg2 b4 22.axb4 axb4
23.Na2 d5 24.exd5 Bxd5 25.Bxd5 Rxd5 26.Qe2 Rxd1 27.Rxd1 Qxc2 28.Rd2 Qa4 29.Qxe5 Bg7
30.b3 Qxb3 31.Rb2 Qd5 32.Qe1 b3 33.Nc3 Qc4 34.Nd1 Nd5 35.Re2 Nc3 36.Re8+ Rxe8
37.Qxe8+ Kh7 38.Nde3 Qc7 39.Nd2 b2  0-1

[Event "Vienna op"]
[Site "Vienna"]
[Date "1995.??.??"]
[Round "8"]
[White "Kaminski, Marcin"]
[Black "Baburin, Alexander"]
[Result "0-1"]
[WhiteElo "2495"]
[BlackElo "2495"]

1.e4 c5 2.Nf3 d6 3.d4 cxd4 4.Nxd4 Nf6 5.Nc3 a6 6.Be3 e5 7.Nb3 Be6 8.f4 exf4
9.Bxf4 Nc6 10.Qd2 d5 11.O-O-O Bb4 12.Qd3 Bxc3 13.Qxc3 O-O 14.e5 Ne4 15.Qe3 Rc8
16.Bd3 Qc7 17.Kb1 a5 18.a3 b5 19.Nd2 b4 20.Nxe4 dxe4 21.Qxe4 g6 22.a4 Rfd8
23.b3 Nd4 24.g4 Bxg4 25.e6 Qe7 26.exf7+ Qxf7 27.Bc4 Rxc4 28.bxc4 Bf5 29.Rxd4 Bxe4
30.Rxd8+ Kg7 31.Rf1 Bxc2+ 32.Kc1 Qxc4 33.Rd7+ Kg8 34.Rd8+ Kf7 35.Rf2 Bf5+
36.Kd1 b3 37.Rb8 Qd4+ 38.Ke1 Qc3+ 39.Kf1 Qd3+ 40.Ke1 Qe4+ 41.Kd1 Bg4+ 42.Kd2 Qd4+  0-1

[Event "CUB-ch sf"]
[Site "Villa Clara"]
[Date "1995.??.??"]
[Round "9"]
[White "Perez, Rodney"]
[Black "Leyva, Hector"]
[Result "0-1"]
[WhiteElo "2335"]
[BlackElo "2415"]

1.e4 c5 2.Nf3 d6 3.d4 cxd4 4.Nxd4 Nf6 5.Nc3 a6 6.Be3 e5 7.Nb3 Be7 8.f3 Be6
9.Qd2 O-O 10.O-O-O b5 11.g4 b4 12.Nd5 Bxd5 13.exd5 a5 14.Kb1 a4 15.Nc1 Qa5
16.g5 Nfd7 17.h4 Na6 18.h5 Nc7 19.Rh4 Rfb8 20.Rc4 Rb7 21.Bh3 Nf8 22.Bf5 Rab8
23.Ka1 Rb5 24.Be4 R8b7 25.Qd3 Kh8 26.Rc6 Nd7 27.Qc4 Kg8 28.g6 h6 29.gxf7+ Kxf7
30.Bg6+ Kg8 31.Qg4 Nf6 32.Qc8+ Bf8 33.Bxh6 Qa8 34.Bf7+ Kh8 35.Qf5 R5b6 36.Rg1 Rxc6
37.dxc6 Rb6 38.Rg6 Qd8 39.Nd3 b3 40.cxb3 axb3 41.f4 e4  0-1

[Event "Vladivostok op"]
[Site "Vladivostok"]
[Date "1995.??.??"]
[Round "1"]
[White "Isupov, Vladimir"]
[Black "Khavrenko, V."]
[Result "0-1"]
[WhiteElo "2430"]
[BlackElo "2350"]

1.e4 c5 2.Nf3 d6 3.d4 cxd4 4.Nxd4 Nf6 5.Nc3 a6 6.Be3 e6 7.Be2 Qc7 8.a4 Nc6
9.O-O Be7 10.f4 Bd7 11.Nb3 b6 12.Bf3 Rb8 13.Qe2 Nb4 14.g4 Bc6 15.g5 Nd7 16.Nd4 Bb7
17.h4 Rc8 18.Rad1 Qc4 19.Qd2 O-O 20.h5 g6 21.hxg6 hxg6 22.Qh2 Rfe8 23.Nb3 d5
24.Kg2 Bf8 25.Rd4 Nxc2 26.Rxc4 Nxe3+ 27.Kf2 Nxc4 28.Rh1 Bg7 29.f5 exf5 30.exf5 gxf5
31.Qh7+ Kf8 32.Qxf5 Nc5 33.g6 Nd6 34.Qf4 Nd3+ 35.Kg3 Nxf4 36.Kxf4  0-1

[Event "Vladivostok op"]
[Site "Vladivostok"]
[Date "1995.??.??"]
[Round "2"]
[White "Zagrebelny, Sergey"]
[Black "Nevostrujev, Vladimir"]
[Result "1-0"]
[WhiteElo "2510"]
[BlackElo "2425"]

1.e4 c5 2.Nf3 d6 3.d4 cxd4 4.Nxd4 Nf6 5.Nc3 a6 6.Be3 e5 7.Nf3 Nbd7 8.a4 d5
9.Nxd5 Nxe4 10.Bc4 Nd6 11.Qe2 Nxc4 12.Qxc4 Bd6 13.Ng5 O-O 14.Ne4 Bb8 15.O-O-O Ba7
16.Bxa7 b5 17.Qb4 a5 18.Qe7  1-0

[Event "Vladivostok op"]
[Site "Vladivostok"]
[Date "1995.??.??"]
[Round "4"]
[White "Maksimenko, Andrei"]
[Black "Nevostrujev, Vladimir"]
[Result "0-1"]
[WhiteElo "2525"]
[BlackElo "2425"]

1.e4 c5 2.Nf3 d6 3.d4 cxd4 4.Nxd4 Nf6 5.Nc3 a6 6.Be3 e5 7.Nb3 Be6 8.f3 Nbd7
9.Qd2 Rc8 10.g4 h6 11.h4 Rxc3 12.Qxc3 d5 13.g5 d4 14.Bxd4 exd4 15.Nxd4 hxg5
16.Nxe6 fxe6 17.O-O-O Rxh4 18.Bc4 Qc7 19.Bxe6 Qxc3 20.bxc3 Ne5 21.Bc8 Ba3+
22.Kb1 b6 23.Rhg1 Nxf3  0-1